[Event "Montreal Super-Revanche"]
[Site "Montreal"]
[Date "1994.03.24"]
[Round "4"]
[White "Montmarquette, Yves"]
[Black "Morin, Louis"]
[Result "0-1"]
[WhiteElo "1464"]
[BlackElo "2008"]
[PlyCount "70"]
[EventDate "1994.03.03"]
[EventType "tourn"]
[EventRounds "7"]
[EventCountry "CAN"]
[SourceTitle "EXT 2022"]
[Source "ChessBase"]
[SourceDate "2021.10.06"]
[SourceVersion "1"]
[SourceVersionDate "2021.10.06"]
[SourceQuality "1"]

1. c4 e5 2. g3 d5 3. cxd5 Nf6 4. Bg2 c6 5. dxc6 Nxc6 6. Nc3 Bc5 7. e3 0-0 8. Nge2 Qe7 9. 0-0 Rd8 10. a3 Bf5 11. Bxc6 bxc6 12. d4 Bh3 13. Re1 Qb7 14. Qc2 exd4 15. exd4 Bxd4 16. Nf4 Bg4 17. Be3 c5 18. h3 Bf3 19. Kh2 Rab8 20. Nfe2 Qxb2 21. Qxb2 Rxb2 22. Ra2 Rxa2 23. Nxa2 Bxe3 24. fxe3 Rd3 25. g4 Rxe3 26. Nac3 Bxe2 27. Rb1 g6 28. g5 Rxc3 29. gxf6 h5 30. Rb8+ Kh7 31. Rb7 Bc4 32. Rxa7 h4 33. a4 Rg3 34. a5 Kh6 35. a6 Ra3 0-1

[Event "Montreal Super-Revanche"]
[Site "Montreal"]
[Date "1994.03.17"]
[Round "3"]
[White "Montmarquette, Yves"]
[Black "Finta, Robert"]
[Result "0-1"]
[WhiteElo "1464"]
[BlackElo "2122"]
[PlyCount "60"]
[EventDate "1994.03.03"]
[EventType "tourn"]
[EventRounds "7"]
[EventCountry "CAN"]
[SourceTitle "EXT 2022"]
[Source "ChessBase"]
[SourceDate "2021.10.06"]
[SourceVersion "1"]
[SourceVersionDate "2021.10.06"]
[SourceQuality "1"]

1. c4 b6 2. Nf3 Bb7 3. g3 g5 4. Bg2 Bg7 5. 0-0 h6 6. d4 Nf6 7. Nc3 d6 8. e4 Nxe4 9. Nxe4 Bxe4 10. Re1 d5 11. Ne5 Bxe5 12. Bxe4 dxe4 13. Qa4+ Qd7 14. Qxd7+ Nxd7 15. dxe5 Nxe5 16. Rxe4 Nd3 17. b3 e5 18. g4 f6 19. Be3 Rd8 20. Kf1 h5 21. Kg2 Kf7 22. h3 Kg6 23. Rh1 f5 24. gxf5+ Kxf5 25. f3 Rhg8 26. Kf1 Nb4 27. Rh2 Rd1+ 28. Ke2 Ra1 29. a4 Rd8 30. Kf2 Ra2+ 0-1

[Event "Montreal Revanche"]
[Site "Montreal"]
[Date "1993.10.26"]
[Round "1"]
[White "Montmarquette, Yves"]
[Black "Morin, Louis"]
[Result "0-1"]
[WhiteElo "1480"]
[BlackElo "1835"]
[PlyCount "80"]
[EventDate "1993.10.26"]
[EventType "tourn"]
[EventRounds "7"]
[EventCountry "CAN"]
[SourceTitle "EXT 2022"]
[Source "ChessBase"]
[SourceDate "2021.10.06"]
[SourceVersion "1"]
[SourceVersionDate "2021.10.06"]
[SourceQuality "1"]

1. Nf3 d6 2. c4 e5 3. d3 f5 4. g3 Nf6 5. Bg2 Be7 6. 0-0 0-0 7. Nc3 c6 8. Ne1 d5 9. cxd5 cxd5 10. Qb3 Kh8 11. Bxd5 Nxd5 12. Qxd5 Nd7 13. Nf3 Bf6 14. h4 h6 15. Kg2 a6 16. Rh1 Qe8 17. Be3 Bd8 18. a4 Bc7 19. Bc5 Nf6 20. Qb3 Rf7 21. Be3 b6 22. Nd5 Nxd5 23. Qxd5 Be6 24. Qb7 Qd8 25. Qc6 Bd5 26. Qg6 Rf6 27. Qh5 Bf7 28. Qg5 Kg8 29. Qxf6 Qxf6 30. Rh2 Bd5 31. Rc1 Qd8 32. Kg1 b5 33. axb5 axb5 34. Bc5 e4 35. dxe4 Bxe4 36. Nd4 Be5 37. Ne6 Qd5 38. Nf4 Bxf4 39. gxf4 Qxc5 40. Rxc5 Ra1+ 0-1